000
00316nam a22001337a 4500
008
170606b xxu||||| |||| 00| 0 eng d
020
_a
0155022210
041
_a
eng
080
_a
94(7/8)
100
_a
18
101
_a
SHH
245
_a
AMERICA IN THE TWENTIETH CENTURY A HISTORY
_c
PATTERSON,J.T
942
_2
udc
_c
BK
999
_c
16147
_d
16147